00884nac a22001931u 4500010001700000020002800017082001900045090001500064100003400079245004300113250001200156260006800168300003300236505023300269650002900502942002100531999001500552952012300567 a 2004044472 a0273663658 (alk. paper)00a368.003bB4711 c3898d3898 aBennett, Carol S. C. 10aDictionary of insurance /cC. Bennett. a2nd ed. aLondon ;aNew York :bPrentice Hall/Financial Times,2004c2004. axi, 340 p. :bill. ;c22 cm.0 aCommon abbreviations used -- The dictionary -- Appendices: Marine abbreviations; Abbreviations and short forms - pensions; Glossary of special terms; Insurance industry associations, bodies, and related organisations [websites]. 0aInsurancevDictionaries. cNBk368.003B4711 c3898d3898 00102ddc4070aMAINbMAINc1STd2007-08-05ePurchasel1o368.003 BENp000030106r2025-07-15 00:00:00s2012-07-12yNB